आधुनिक महाराष्ट्राची जडणघडण शिल्पकार चरित्रकोश खंड ८: प्राच्यविद्या आणि धर्मपरंपरा (Record no. 370794)
[ view plain ]
| 000 -LEADER | |
|---|---|
| fixed length control field | 00468 a2200109 4500 |
| 005 - DATE AND TIME OF LATEST TRANSACTION | |
| control field | 20260327145216.0 |
| 100 ## - MAIN ENTRY--PERSONAL NAME | |
| Personal name | Pathak A. |
| 9 (RLIN) | 217333 |
| 245 ## - TITLE STATEMENT | |
| Title | आधुनिक महाराष्ट्राची जडणघडण शिल्पकार चरित्रकोश खंड ८: प्राच्यविद्या आणि धर्मपरंपरा |
| 250 ## - EDITION STATEMENT | |
| Edition statement | 1st |
| 260 ## - PUBLICATION, DISTRIBUTION, ETC. (IMPRINT) | |
| Name of publisher, distributor, etc. | Saptahik Vivek Hindusthan Prakashan Samstha |
| Date of publication, distribution, etc. | 2018 |
| 942 ## - ADDED ENTRY ELEMENTS (KOHA) | |
| Koha item type | Article |
| Withdrawn status | Lost status | Source of classification or shelving scheme | Damaged status | Not for loan | Home library | Current library | Date acquired | Vendor | Cost, normal purchase price | Total Checkouts | Full call number | Barcode | Date last seen | Cost, replacement price | Bill Date | Koha item type |
|---|---|---|---|---|---|---|---|---|---|---|---|---|---|---|---|---|
| Dewey Decimal Classification | Cummins College of Engineering for Women Pune | Cummins College of Engineering for Women Pune | 28/02/2026 | 223 | 375.00 | 730.92 PAT | CCEP-BK-70469 | 28/02/2026 | 375.00 | 28/02/2026 | Books |